Sensibilidad a la estructura de la desactivacion de catalizadores de paladio : el efecto de los hidruros en Pd /
Guardado en:
| Otros Autores: | |
|---|---|
| Formato: | Manuscrito |
| Idioma: | Spanish |
| Publicado: |
1989.
|
| Materias: | |
| Etiquetas: |
Agregar Etiqueta
Sin Etiquetas, Sea el primero en etiquetar este registro!
|
| LEADER | 01013ntm a22002295a 4500 | ||
|---|---|---|---|
| 001 | EIQ.libpla003521 | ||
| 008 | 080208s1989####ag#a#####bm###000#0#spa#d | ||
| 005 | 20080208161306.0 | ||
| 245 | 1 | 0 | |a Sensibilidad a la estructura de la desactivacion de catalizadores de paladio : |b el efecto de los hidruros en Pd / |c Hugo Eduardo Rodríguez Cárdenas. |
| 260 | |c 1989. | ||
| 300 | |a xi, 333 p. : |b il. ; |c 21 cm. | ||
| 502 | |a Tesis (doctorado)--Universidad Nacional del Sur. Departamento de Ingeniería Química, 1989. | ||
| 500 | |a Director de tesis: Dr. Daniel Eduardo Damiani. | ||
| 504 | |a Incluye referencias bibliográficas. | ||
| 100 | 1 | |a Rodríguez Cárdenas, Hugo Eduardo. |4 dis | |
| 710 | 2 | |a Universidad Nacional del Sur (UNS). |b Dto. de Ingeniería Química |4 dgg. | |
| 650 | 4 | |a Catálisis |x Tesis. | |
| 650 | 4 | |a Catálisis |x Catalizadores de paladio. | |
| 650 | 4 | |a Catalysts |x Thesis. | |
| 650 | 4 | |a Catalysis |x Palladium catalysts. | |
| 040 | |a AR-BbSID |b spa |c AR-BbSID | ||
| 859 | |a AR-BbSID |b BIB. PLAPIQUI |h 541.395 |i R 618 |p 3929 | ||
